000 00606nam a2200265Ia 4500
008 190123s9999 xx 000 0 und d
020 _a0590370383
050 _bD419 1975
100 _adePaola, Tomie
245 0 _aStrega Nona /
245 0 _cby Tomie de Paola.
260 _aNew York, New York :
260 _bScholastic,
260 _c1975
300 _aunpaged :
300 _bcolored illustrations ;
300 _c27cm.
500 _a800L
650 _aFolklore.
650 _aHealing.
650 _aItaly.
650 _aMagic.
650 _aPasta products.
700 _aTitle.
999 _c361115
_d361115